000 00337nam a22001097a 4500
003 SGT
082 _a080
_bG06V
100 _aवर्मा, पवन कुमार
245 _a गगनांचाल
260 _bभारतीय सांस्कृतिक सम्बन्ध परिषद्
_c2006
942 _2ddc
_cBK
999 _c31447
_d31447